000 00769nam a22002777a 4500
001 BR8108282
003 BR-BrBNA
005 20230928091147.0
007 ta
008 230509b bl.||||| |||| 00| 0 por d
040 _aBR-BrBNA
_bpor
_cBiblioteca Nacional de Agricultura
041 _a(Por)
072 _aM10; C00
090 _ M10 BR8108282
110 1 _aSuperintendencia do Desenvolvimento da Pesca, Brasilia, DF (Brasil)
_910064
245 1 _aPeixe tem muito, cuidando tem sempre [extensao rural]
260 3 _aBrasilia, DF (Brasil):
_c[nd].
300 _a12 p.
500 _aPublished after 1980
650 _aPEIXE
650 _aPESCA
650 _aEXTENSAO RURAL
650 _aCOMUNICACAO
909 _a202309
_bLucia
_c55
_dLucia Elande
942 _cBK
999 _c32559
_d32559